[Event "Steyr Landesliga 1112"]
[Site "Austria"]
[Date "2012.02.18"]
[Round "9.8"]
[White "Reiter, Peter"]
[Black "Hajek, Elias"]
[Result "1-0"]
[WhiteElo "1911"]
[BlackElo "1641"]
[PlyCount "79"]
[EventDate "2011.09.24"]
[EventType "team-tourn"]
[EventRounds "11"]
[EventCountry "AUT"]
[SourceTitle "EXT 2013"]
[Source "ChessBase"]
[SourceDate "2012.11.22"]
[SourceVersion "1"]
[SourceVersionDate "2012.11.22"]
[SourceQuality "1"]
[WhiteTeam "Liezen Admont"]
[BlackTeam "Feldbach Kirchberg"]
[WhiteTeamCountry "AUT"]
[BlackTeamCountry "AUT"]

1. e4 e6 2. g3 d5 3. Bg2 Nf6 4. e5 Nfd7 5. Nf3 c5 6. c3 Nc6 7. d4 cxd4 8. cxd4 Bb4+ 9. Nc3 h6 10. 0-0 Bxc3 11. bxc3 Nb6 12. Re1 Nc4 13. Nd2 Nxd2 14. Bxd2 0-0 15. Qg4 Kh7 16. Bf1 f5 17. Bd3 Qe8 18. Qf4 Kh8 19. h4 Ne7 20. Qf3 Bd7 21. Rab1 b6 22. Be2 Rc8 23. Qd3 Qf7 24. Kh2 Nc6 25. f4 Na5 26. Rg1 Nc4 27. Bc1 Qe7 28. Kh3 Na3 29. Rb3 Nc4 30. Qf3 Ba4 31. Bxc4 Rxc4 32. Ba3 Qc7 33. Bxf8 Bxb3 34. axb3 Rxc3 35. Qh5 Qd7 36. b4 Rd3 37. Rd1 Re3 38. Rc1 Rd3 39. Qg6 Kg8 40. Bxg7 1-0

[Event "Steyr Landesliga 1112"]
[Site "Austria"]
[Date "2011.10.29"]
[Round "4.8"]
[White "Hajek, Elias"]
[Black "Schreiner, Gregor"]
[Result "1/2-1/2"]
[WhiteElo "1641"]
[BlackElo "1535"]
[PlyCount "55"]
[EventDate "2011.09.24"]
[EventType "team-tourn"]
[EventRounds "11"]
[EventCountry "AUT"]
[SourceTitle "EXT 2013"]
[Source "ChessBase"]
[SourceDate "2012.11.22"]
[SourceVersion "1"]
[SourceVersionDate "2012.11.22"]
[SourceQuality "1"]
[WhiteTeam "Feldbach Kirchberg"]
[BlackTeam "Frauental"]
[WhiteTeamCountry "AUT"]
[BlackTeamCountry "AUT"]

1. d4 Nf6 2. Bf4 g6 3. Nf3 Bg7 4. e3 c5 5. c3 Qb6 6. Qb3 Qxb3 7. axb3 cxd4 8. exd4 Nc6 9. h3 0-0 10. Bd3 d6 11. 0-0 Re8 12. Re1 Bd7 13. b4 a6 14. Nbd2 Nd5 15. Be3 e5 16. b5 axb5 17. Rxa8 Rxa8 18. Bxb5 f5 19. Bc4 Nce7 20. Bg5 Kf8 21. dxe5 dxe5 22. Nxe5 Bc8 23. Nf7 b5 24. Bb3 Bb7 25. Nd6 Bc6 26. c4 bxc4 27. Bxc4 Bxb2 28. Bh6+ 1/2-1/2